Logo BPK

Biblioteka

Politechniki Koszalińskiej

Fizyka dielektryków i radiospektroskopia. (Rekord nr 23173)

Szczegóły MARC
000 -ETYKIETA REKORDU
podpole kontrolne o stałej długości 00839nam a2200217 i 4500
001 - NUMER KONTROLNY REKORDU
pole kontrolne bg
020 ## - MIĘDZYNARODOWY ZNORMALIZOWANY NUMER KSIĄŻKI - ISBN
ISBN 8301066636
040 ## - ŹRÓDŁO KATALOGOWANIA
Instytucja, która utworzyła rekord BPK
041 ## - KOD JĘZYKA
Kod języka tekstu pol
080 ## - UNIWERSALNA KLASYFIKACJA DZIESIĘTNA - UKD
UKD 537.2:543.4
920 ## - Międzynarodowy znormalizowany numer książki – ISBN
ISBN 83-01-06663-6
008 - POLE O STAŁEJ DŁUGOŚCI - DANE KONTROLNE
podpole kontrolne o stałej długości s pl f |000 0 pol
245 00 - TYTUŁ/ODPOWIEDZIALNOŚĆ
Tytuł Fizyka dielektryków i radiospektroskopia.
Oznaczenie części/sekcji dzieła T. 14 /
Pozostałe elementy strefy tytułu i oznaczenia odpowiedzialności [red. Arkadiusz Piekara i in.] ; Poznańskie Towarzystwo Przyjaciół Nauk. Wydział Matematyczno-Przyrodniczy.
260 ## - STREFA ADRESU WYDAWNICZEGO
Miejsce wydania Warszawa ; Poznań :
Nazwa wydawcy/dystrybutora Państ. Wydaw. Naukowe,
Data publikacji, dystrybucji/powstania dokumentu 1986.
300 ## - STREFA OPISU FIZYCZNEGO
Objętość 95 s. :
Inne cechy fizyczne il., rys., wykr. ;
Rozmiary 24 cm.
490 1# - STREFA SERII I DOKUMENTU WIELOCZĘŚCIOWEGO - FORMA NIE DO WYSZUKIWANIA
Tytuł i oznaczenie odpowiedzialności serii Prace Komisji Matematyczno-Przyrodniczej
700 1# - HASŁO DODATKOWE - NAZWA OSOBOWA
Nazwa osobowa Piekara, Arkadiusz Henryk
Daty związane z nazwą (1904-1989).
Określenie związku między hasłem a opisywanym materiałem Red.
710 ## - HASŁO DODATKOWE - NAZWA CIAŁA ZBIOROWEGO
Nazwa ciała zbiorowego lub jednostki geograficznej Poznańskie Towarzystwo Przyjaciół Nauk. Wydział Matematyczno-Przyrodniczy
830 ## - HASŁO DODATKOWE SERII LUB DOKUMENTU WIELOCZĘŚCIOWEGO - TYTUŁ UJEDNOLICONY
Tytuł ujednolicony Prace Komisji Matematyczno-Przyrodniczej
856 ## - LOKALIZACJA I DOSTĘP DO ELEKTRONICZNYCH DOKUMENTÓW ZDALNYCH
Link (URL) http://koha.tu.koszalin.pl/cgi-bin/koha/opac-detail.pl?biblionumber=23173
Tekst linku Katalog online BPK
942 ## - DODATKOWE ELEMENTY (KOHA)
Typ dokumentu Książka
Egzemplarze
Wycofany Status egzemplarza Uszkodzony Dostępność Lokalizacja stała Lokalizacja bieżąca Miejsce przechowywania Sygnatura Kod kreskowy Typ dokumentu
      Dostępny Biblioteka Politechniki Koszalińskiej Biblioteka Politechniki Koszalińskiej Wypożyczalnia BG 33200 01588033 Książka
© 2023 Biblioteka Politechniki Koszalińskiej :: KOHA